书目信息 |
| 题名: |
评剧
|
|
| 作者: | 吴迪 , 王长印 编著 | |
| 分册: | ||
| 出版信息: | 长春 吉林出版集团有限责任公司 2013.01 |
|
| 页数: | 127页 | |
| 开本: | 23cm | |
| 丛书名: | 中华优秀传统文化丛书 | |
| 单 册: | ||
| 中图分类: | J825.22 | |
| 科图分类: | ||
| 主题词: | 评剧--介绍 , 评剧 | |
| 电子资源: | ||
| ISBN: | 978-7-5534-1352-5 | |
| 000 | 00918oam2 2200289 450 | |
| 001 | 012013109052 | |
| 005 | 20140612095937.74 | |
| 010 | @a978-7-5534-1352-5@dCNY23.80 | |
| 100 | @a20130605d2013 em y0chiy0110 ea | |
| 101 | 0 | @achi |
| 102 | @aCN@b220000 | |
| 105 | @aa z 000yy | |
| 106 | @ar | |
| 200 | 1 | @a评剧@9ping ju@f吴迪,王长印编著 |
| 210 | @a长春@c吉林出版集团有限责任公司@d2013.01 | |
| 215 | @a127页@c图,照片@d23cm | |
| 225 | 2 | @a中华优秀传统文化丛书 |
| 330 | @a本书主要内容包括:评剧简介;评剧的由来;评剧的历史沿革;评剧的现状;评剧的保护;东路评剧;西路评剧;评剧的艺术特点;生行;旦行;净行;丑行等。 | |
| 333 | @a戏曲爱好者 | |
| 461 | 0 | @12001 @a中华优秀传统文化丛书 |
| 606 | 0 | @a评剧@x介绍 |
| 606 | 0 | @a评剧 |
| 690 | @aJ825.22@v5 | |
| 701 | 0 | @a吴迪@9wu di@4编著 |
| 701 | 0 | @a王长印@9wang chang yin@4编著 |
| 801 | 0 | @aCN@b人天书店@c20130605 |
| 905 | @b549383-85@dJ825.22@e128@f3 | |
| 评剧/吴迪,王长印编著.-长春:吉林出版集团有限责任公司,2013.01 |
| 127页:图,照片;23cm.-(中华优秀传统文化丛书) |
| 使用对象:戏曲爱好者 |
| ISBN 978-7-5534-1352-5:CNY23.80 |
| 本书主要内容包括:评剧简介;评剧的由来;评剧的历史沿革;评剧的现状;评剧的保护;东路评剧;西路评剧;评剧的艺术特点;生行;旦行;净行;丑行等。 |
| ● |
| 相关链接 |
|
|
|
|
正题名:评剧
索取号:J825.22/128
 
预约/预借
| 序号 | 登录号 | 条形码 | 馆藏地/架位号 | 状态 | 备注 |
| 1 | 549383 | 205493839 | 第一样本阅览室/ [索取号:J825.22/128] | 在馆 | |
| 2 | 549384 | 205493848 | 第一借阅区/ [索取号:J825.22/128] | 在馆 | |
| 3 | 549385 | 205493857 | 第一借阅区/ [索取号:J825.22/128] | 在馆 |